Making an exit : a mother-daughter drama with ... Read More
Available copies
- 1 of 1 copy available at LARL/NWRL Consortium.
- 1 of 1 copy available at Lake Agassiz Regional Library. (Show preferred library)
Current holds
0 current holds with 1 total copy.
Show Only Available Copies
| Location | Call Number / Copy Notes | Barcode | Shelving Location | Status | Due Date |
|---|---|---|---|---|---|
| Moorhead Public Library | 921 Kes (Text) | 33500008192809 | Main | Available | - |
Record details
- ISBN: 080506317X
- Physical Description: 191 p. ; 22 cm.
- Edition: 1st ed.
- Publisher: New York : Metropolitan Books, 2005.
Search for related items by subject
| Subject: | Kessler, Lilian > Mental health. Alzheimer's disease > Patients > Biography. Alzheimer's disease > Patients > Family relationships. Mothers and daughters. |
| LDR | 01040cam a22003014a 4500 | ||
|---|---|---|---|
| 001 | 56843 | ||
| 003 | LARL_NWRL_CONSORTIUM | ||
| 005 | 20050307153946.0 | ||
| 008 | 040924s2005 nyu 000 0beng | ||
| 010 | . | ‡a2004059282 | |
| 020 | . | ‡a080506317X | |
| 024 | 3 | . | ‡a9780805063172 |
| 035 | . | ‡a(OCoLC)56807743 | |
| 040 | . | ‡aDLC ‡cDLC ‡dC#P | |
| 042 | . | ‡apcc | |
| 082 | 0 | 0. | ‡a362.196/831/0092 ‡aB ‡222 |
| 100 | 1 | . | ‡aFuchs, Elinor. ‡0(LARL_NWRL_CONSORTIUM)183380 |
| 245 | 1 | 0. | ‡aMaking an exit : ‡ba mother-daughter drama with Alzheimer's, machine tools, and laughter / ‡cElinor Fuchs. |
| 250 | . | ‡a1st ed. | |
| 260 | . | ‡aNew York : ‡bMetropolitan Books, ‡c2005. | |
| 300 | . | ‡a191 p. ; ‡c22 cm. | |
| 600 | 1 | 0. | ‡aKessler, Lilian ‡xMental health. |
| 650 | 0. | ‡aAlzheimer's disease ‡xPatients ‡vBiography. ‡0(LARL_NWRL_CONSORTIUM)170581 | |
| 650 | 0. | ‡aAlzheimer's disease ‡xPatients ‡xFamily relationships. ‡0(LARL_NWRL_CONSORTIUM)163344 | |
| 650 | 0. | ‡aMothers and daughters. ‡0(LARL_NWRL_CONSORTIUM)26128 | |
| 901 | . | ‡a56843 ‡bOCLC ‡c56843 ‡tbiblio | |

Add to basket
Permalink
Disable Highlighting